Alphabetically Prior Quiz Stats

 Plays Quiz Updated Nov 27, 2017

Challenge
Share
Tweet
Embed
Score 0/24 Timer 08:00
0 Plays Today
Clue Alphabetically Prior % Correct
…December, February…August
88.1%
…Saturday, Sunday…Monday
81.5%
…Mars, Mercury…Jupiter
78.7%
…Maryland, Massachusetts…Maine
77.3%
…Indian, Pacific…Atlantic
76%
…Asia, Australia…Antarctica
70.9%
…Dancer, Dasher…Cupid
69%
...Michigan, Ontario...Huron
65%
…Grumpy, Happy…Dopey
62.4%
…Preposition, Pronoun…Noun
50.3%
…England, France…Brazil
50.3%
…Iridium, Iron…Iodine
41.6%
Clue Alphabetically Prior % Correct
…Greg, Jan…Cindy
40.3%
…Dalton, Lazenby…Craig
40.1%
…Pierce, Polk…Obama
38.9%
…Pisces, Sagittarius…Libra
38.8%
…Finding Dory, Finding Nemo...Coco
37.9%
…Paraguay, Peru…Papua New Guinea
31.4%
…Pericles, Prince of Tyre, Richard II...Othello
27.2%
…Cardinals, Cubs…Brewers
24.7%
…Ezekiel, Ezra…Exodus
19.2%
…Challenger, Columbia…Atlantis
17.5%
…Demeter, Dionysus…Athena
11.6%
…Chatham, Churchill…Chamberlain
8.5%

You're not logged in!

Compare scores with friends on all Sporcle quizzes.
Join for Free
OR
Log In

You Might Also Like...

Show Comments

Extras

Top Quizzes Today


Score Distribution

Your Account Isn't Verified!

In order to create a playlist on Sporcle, you need to verify the email address you used during registration. Go to your Sporcle Settings to finish the process.

Report this User

Report this user for behavior that violates our Community Guidelines.

Details: